000 00675cam a2200253Ia 4500
008
020 _a0582258774 (pbk.)
049 _aMAIN
090 _aTH385 DEA
100 1 _aDean, Yvonne.
245 1 0 _aFinishes /
_cYvonne Dean.
246 1 4 _aMitchell's finishes
250 _a4th ed.
260 _aHarlow, England :
_bLongman,
_c1996.
300 _a138 p. :
_bill. ;
_c25 cm.
440 0 _aMitchell's building series
500 _aIncludes index.
650 0 _aFinishes and finishing.
907 _a.b10026629
_b19-01-07
_c17-04-03
003
005 20230123133144.0
040 _cNUST
942 _cBOOKS
_kTH385 DEA
999 _c143706
_d143706